An Introduction to Computer Networks (Record no. 294696)
[ view plain ]
| 000 -LEADER | |
|---|---|
| fixed length control field | 00366nam a2200121Ia 4500 |
| 008 - FIXED-LENGTH DATA ELEMENTS--GENERAL INFORMATION | |
| fixed length control field | 160523s9999 xx 000 0 und d |
| 100 ## - MAIN ENTRY--PERSONAL NAME | |
| Personal name | Dordal, Peter L. |
| 245 #3 - TITLE STATEMENT | |
| Title | An Introduction to Computer Networks |
| 245 ## - TITLE STATEMENT | |
| Statement of responsibility, etc | Peter L Dordal. |
| 260 ## - PUBLICATION, DISTRIBUTION, ETC. (IMPRINT) | |
| Date of publication, distribution, etc | 2015 |
| 650 ## - SUBJECT ADDED ENTRY--TOPICAL TERM | |
| General subdivision | Information Technology. |
| 856 ## - ELECTRONIC LOCATION AND ACCESS | |
| Uniform Resource Identifier | <a href="http://intronetworks.cs.luc.edu/current/ComputerNetworks.pdf">http://intronetworks.cs.luc.edu/current/ComputerNetworks.pdf</a> |
| Withdrawn status | Lost status | Damaged status | Home library | Current library | Date acquired | Total Checkouts | Date last seen | Price effective from | Koha item type |
|---|---|---|---|---|---|---|---|---|---|
| College Library | College Library | 05/23/2016 | 05/23/2016 | 05/23/2016 | Curriculum - Based eBooks |